=LDR 00000nam 2200000 4500 =260 ##$$a Jakarta : $b Pusbangkom Pimnas dan Manajerial ASN. ; $c 2024 =csr $a def143c3fa311a96a6c7b822293afa99 =856 ##$$a =740 ##$$a =700 #$$a =650 #$$a Pencegahan Perkawinan Anak =520 #$$a Salah satu strategi yang efektif dalam mencegah perkawinan anak adalah melalui edukasi kesehatan reproduksi remaja. Proyek perubahan ini dimaksudkan untuk penurunan angka perkawinan anak melalui edukasi kesehatan reproduksi remaja di Kabupaten Kepahiang. =338 ##$$a =337 ##$$a =336 ##$$a =300 ##$$a 50 hlm. : $b ill. ; $c 30 cm $e =001 $a INLIS000000000020893 =246 ##$$a =245 ##$$a "SAPPA SEROJA" Strategi Pencegahan Perkawinan Anak $b $c Linda Rospita =100 #$$a Linda Rospita =084 ##$$a R 0157 PKN II 2024 =082 ##$$a =035 ##$$a 0010-0426000050 =020 ##$$a =008 $a 260429################g##########0#ind## =005 $a 20260429111433